000 00963cab a2200313 4500
001 ABS50121
008 090401t xxu||||| |||| 00| 0 eng d
035 _a(Sirsi) u74277
041 _aeng
100 _aSwallow, P.G.
245 _aOur architectural ceramic heritage
260 _c12(2) Winter 1993/1994, 20-23(4)
350 _a0
490 _aStructural Survey
_v12(2) Winter 1993/1994, 20-23(4)
520 _aA brief history of the use of terracotta in building, tracing its growing popularity as an alternative to natural stone.
650 _aARCHITECTURE
650 _aBUILT ENVIRONMENT-BUILDING MATERIALS
650 _aCARRARAWARE
650 _aCERAMICS
650 _aCOADE STONE
650 _aFAIENCE
650 _aGLAZED TERRACOTTA
650 _aBUILT ENVIRONMENT-BUILDING MATERIALS-STONE
650 _aTERRACOTTA
690 _aBUILT ENVIRONMENT-BUILDING MATERIALS
690 _aCONSERVATION
942 _n0
948 _c04/03/1997
999 _c46888
_d46888